000
00250nam a2200097Ia 4500
001
721453
005
20250826163252.0
008
250824s9999 xx 000 0 und d
245
0
_a
SENSİZ O KADAR BENSİZİM Kİ
_c
OZAN AĞRI
260
_b
PANAMA YAYINLARI
999
_c
721453
_d
721453